Pays avec pumas - Statistiques

Statistiques générales
  • Ce quiz a été pris 127 fois
    126 depuis la dernière actualisation
  • Le résultat moyen est 19 sur 23
Statistiques - réponses
Pays % Correct
Brésil
94%
Etats-Unis
94%
Mexique
94%
Argentine
92%
Chili
92%
Colombie
89%
Bolivie
88%
Canada
88%
Uruguay
88%
Pérou
87%
Équateur
86%
Paraguay
86%
Venezuela
83%
Panama
80%
Costa Rica
78%
Guyana
77%
Guatemala
76%
Nicaragua
76%
Honduras
75%
Salvador
75%
Belize
72%
Suriname
72%
Guyane Française
67%
Aucun quiz correspondant
Distribution des résultats
% des personnes avec chaque résultat
Percentile par nombre de réponses
Votre historique - résultats
Vous n’avez pas pris ce quiz depuis la dernière actualisation